Record Of Evidence Taken Before The Powers And Privileges Committee On Wed 21st February, 2001 (Record no. 667)
[ view plain ]
| 000 -LEADER | |
|---|---|
| fixed length control field | 00289nam a22000977a 4500 |
| 008 - FIXED-LENGTH DATA ELEMENTS--GENERAL INFORMATION | |
| fixed length control field | 230606b xxu||||| |||| 00| 0 eng d |
| 082 ## - DEWEY DECIMAL CLASSIFICATION NUMBER | |
| Classification number | 342.55 |
| Item number | KAP |
| 245 ## - TITLE STATEMENT | |
| Title | Record Of Evidence Taken Before The Powers And Privileges Committee On Wed 21st February, 2001 |
| 300 ## - PHYSICAL DESCRIPTION | |
| Extent | 42 P |
| 942 ## - ADDED ENTRY ELEMENTS (KOHA) | |
| Source of classification or shelving scheme | Dewey Decimal Classification |
| Koha item type | Books |
| Withdrawn status | Lost status | Source of classification or shelving scheme | Damaged status | Not for loan | Home library | Current library | Date acquired | Total Checkouts | Full call number | Barcode | Date last seen | Price effective from | Koha item type |
|---|---|---|---|---|---|---|---|---|---|---|---|---|---|
| Dewey Decimal Classification | Bunge Tower Library | Bunge Tower Library | 06/06/2023 | 342.55 KAP | 10015446 | 06/06/2023 | 06/06/2023 | Books |
